Ranskan naapurimaiden liput - Statistics

Yleistilastot
  • Tätä visaa on pelattu 2 082 kertaa
  • Keskiarvotulos 9 / 10
Vastaustilastot
Kuvavisa Vastaus % Oikein
Saksa
99%
Sveitsi
99%
Belgia
98%
Espanja
96%
Brasilia
95%
Italia
95%
Monaco
86%
Luxemburg
85%
Andorra
83%
Suriname
66%
Ehtoja vastaavia visoja ei löytynyt
Tulosjakauma
Jokaisen tuloksen saaneiden osuus
Persentiili vastausten määrän mukaan
Tuloshistoriasi
Et ole pelannut tätä visaa